El choque cultural de los estudiantes internacionales en España diplomová práca
Na minha lista:
| Autor principal: | |
|---|---|
| Autor Corporativo: | |
| Outros Autores: | |
| Formato: | Livro |
| Idioma: | espanhol |
| Publicado em: |
Bratislava
2023
|
| Tags: |
Sem tags, seja o primeiro a adicionar uma tag!
|
MARC
| LEADER | 00000nbm a2200000 4500 | ||
|---|---|---|---|
| 001 | 0292840 | ||
| 005 | 20240429085916.8 | ||
| 041 | 0 | |a spa | |
| 044 | |a SK | ||
| 245 | 1 | 0 | |a El choque cultural de los estudiantes internacionales en España |b diplomová práca |c Hana Ivančíková ; školiteľ: María Carmen Sánchez Vizcaíno |
| 264 | 1 | |a Bratislava |c 2023 | |
| 300 | |a 80 s. | ||
| 100 | 1 | |a Ivančíková, Hana | |
| 700 | 1 | |a Sánchez Vizcaíno, María Carmen, 1982- | |
| 710 | 2 | |a Fakulta aplikovaných jazykov EU v Bratislave. Katedra románskych a slovanských jazykov | |